000
00299nam a22001337a 4500
008
171106b xxu||||| |||| 00| 0 eng d
020
_a
0136861717
041
_a
eng
080
_a
330.722.6
100
_a
61
101
_a
KON
245
_a
POSITIVE ACCOUNTING THEORY
_c
WATS.R.L
942
_2
udc
_c
BK
999
_c
37821
_d
37821